La Odisea

Uloženo v:
Podrobná bibliografie
Hlavní autor: Homero (autor)
Médium: Kniha
Jazyk:španělština
Vydáno: Ciudad de México Herrero Hermanos 1960
Edice:Colección clásicos Herrero
Témata:
Tagy: Přidat tag
Žádné tagy, Buďte první, kdo vytvoří štítek k tomuto záznamu!

MARC

LEADER 00000nam a2200000 a 4500
001 UCV8716
003 CL-VaPUC
008 911125e19600000MX |||||||||||||||||spa|d
082 0 4 |a 883  |b HOM  |2 21 
100 |a Homero   |e autor  |9 265577 
245 1 3 |a La Odisea 
300 |a 377 p 
942 |c BK 
945 |d 19911125 00:00:00 
260 |a Ciudad de México  |b Herrero Hermanos  |c 1960 
650 7 |a POESIA EPICA GRIEGA  |2 CL-VaPUC  |9 265215 
583 |a last modification  |c 19911125 00:00:00  |k Rodrigo Vera 
490 0 |a Colección clásicos Herrero 
999 |c 214193  |d 214191 
952 |0 0  |1 0  |2 ddc  |4 0  |6 883_000000000000000_HOM_1960  |7 0  |8 P  |9 197346  |a BIBARQ  |b BIBARQ  |d 2019-11-14  |i 2650118  |o 883 HOM 1960  |p 2650118  |r 2025-01-20  |w 2019-11-14  |y BK  |k ARQ 
952 |0 0  |1 0  |4 0  |6 883_000000000000000_HOM_1960  |7 0  |8 A  |9 197347  |a BIBEDU  |b BIBEDU  |d 2019-11-14  |i 3248380  |l 1  |o 883 HOM 1960  |p 3248380  |r 2025-04-10  |s 2025-04-03  |w 2019-11-14  |y BK  |k EDU